000 00401nam a2200145Ia 4500
003 LK-CoDNM
008 010623t1816 xxu||||| |||| 00| 1 eng d
040 _aLK-CoDNM
_dLK-CoDNM
_eLK-CoDNM
041 _aeng
080 _a15 H 9
245 _aDiscourses of Our Blessed saviour Extracted from the New Testament
260 _bWesleyan Mission Press
_aColombo
_c1816
300 _b24p., 20 cm
942 _cBK
999 _c80950
_d80950